000 00406nam a22001097a 4500
082 _a800/GRU
100 _a सुरूचि प्रकाशन
_983635
245 _aश्री गुरूजी समग्र ( संघ मंथन ) खण्‍ड 2
260 _aनई दिल्‍ली
_b सुरूचि प्रकाशन 2005
650 _aरचनावली
942 _cHIN
999 _c68579
_d68579